000 00321 a2200145 4500
001 146992
040 _cEscola São Tomás de Aquino
100 _aBANDEIRA, Pedro
240 1 0 _aO pequeno dragão
_lpor
245 1 0 _aO pequeno dragão
300 _a48
362 0 _a2009
697 _a*LITERATURA INFANTO
942 _cBK
999 _c146992
_d146992